| 000 | 00595nam a22001937a 4500 | ||
|---|---|---|---|
| 999 |
_c406 _d406 |
||
| 003 | AR-CdUCM | ||
| 008 | 190223b ||||| |||| 00| 0 spa d | ||
| 040 |
_aMUNICIPALIDAD PROVINCIAL DEL CUSCO _cBIBLIOTECA MUNICIPAL DEL CUSCO |
||
| 082 |
_a869.56 / _bF83 |
||
| 100 |
_aFrisancho, Susana _91617 |
||
| 245 |
_aEspejismo y realidades : _bPoemas / _cSusana Frisancho |
||
| 260 |
_aLima : _bIlluminans Spiritus Lux, _c1962. |
||
| 300 |
_a140 paginas ; _c22 cm. |
||
| 505 | _aPoesías | ||
| 650 |
_aPoesías peruanas _91481 |
||
| 650 |
_aSiglo XX. _98 |
||
| 942 |
_2ddc _cLIBROS |
||
| 945 |
_aacv _d2019-02-23 |
||